Ο Παΐσιος Βελιτσκόφσκι (1722-1794) και η ασκητικοφιλολογική σχολή του
Αποθηκεύτηκε σε:
| Κύριος συγγραφέας: | |
|---|---|
| Μορφή: | Βιβλίο |
| Γλώσσα: | Greek |
| Δημοσίευση: |
Θεσσαλονίκη :
Institute for Balkan studies,
|
| Σειρά: | Ίδρυμα Μελετών Χερσονήσου του Αίμου (Εταιρεία Μακεδονικών Σπουδών)
73 |
| Θέματα: | |
| Ετικέτες: |
Προσθήκη ετικέτας
Δεν υπάρχουν, Καταχωρήστε ετικέτα πρώτοι!
|
MARC
| LEADER | 00000cam a2200000 i 4500 | ||
|---|---|---|---|
| 001 | 1/98853 | ||
| 008 | 950320s gr | ||| |||| ||gre|| | ||
| 035 | |l 10011083 | ||
| 040 | |a GR-MyUA |b gre |c GR-MyUA |e AACR2 | ||
| 041 | 0 | |a gre | |
| 100 | 1 | |a Ταχιάος, Αντώνιος Αιμίλιος Ν., |d 1931-2018. | |
| 245 | 1 | 2 | |a Ο Παΐσιος Βελιτσκόφσκι (1722-1794) και η ασκητικοφιλολογική σχολή του / |c Αντωνίου-Αιμιλίου Ν. Ταχιάου. |
| 260 | |a Θεσσαλονίκη : |b Institute for Balkan studies, | ||
| 300 | |a 150 σ. ; |c 24 εκ. | ||
| 490 | 1 | |a (Hidryma Meleton Chersonesou tou Haimou ; |v 73) | |
| 600 | 1 | 0 | |a Velichkovskiĭ, Paisiĭ, |c Saint, |d 1722-1794. |
| 650 | 0 | |a Orthodox Eastern monasticism and religious orders |z Romania |z Moldavia. | |
| 650 | 0 | |a Hermits |z Romania |z Moldavia |x Biography. | |
| 830 | 0 | |a Ίδρυμα Μελετών Χερσονήσου του Αίμου (Εταιρεία Μακεδονικών Σπουδών) |v 73 | |
| 852 | |a INST |b LESVOS |e 19950320 |h 271.0092 ΤΑΧ |p 005100002274 |q 005100002274 |t BK |y 0 | ||
| 970 | |a Καμάτσου |b Δέσποινα |z 1999/11/19 | ||